Diagnostic immunohistochemistry: theranostic and genomic applications. (4th ed.) (Record no. 31261)

MARC details
000 -LEADER
fixed length control field 00819nam a2200205 a 4500
008 - FIXED-LENGTH DATA ELEMENTS--GENERAL INFORMATION
fixed length control field 170511s2014 ||||||||||||||||| || u
020 ## - INTERNATIONAL STANDARD BOOK NUMBER
International Standard Book Number 9781455744619
050 ## - LIBRARY OF CONGRESS CALL NUMBER
Classification number RB 46.6 Dab
100 ## - MAIN ENTRY--PERSONAL NAME
Personal name Dabbs, David J
245 10 - TITLE STATEMENT
Title Diagnostic immunohistochemistry: theranostic and genomic applications. (4th ed.)
Statement of responsibility, etc. By David J. Dabbs
250 ## - EDITION STATEMENT
Edition statement 4th ed
260 ## - PUBLICATION, DISTRIBUTION, ETC.
Place of publication, distribution, etc. Philadelphia
Name of publisher, distributor, etc. Elsevier Saunders
Date of publication, distribution, etc. 2014
300 ## - PHYSICAL DESCRIPTION
Extent xviii, 931p.: ill
350 ## -
-- 399.00
650 ## - SUBJECT ADDED ENTRY--TOPICAL TERM
Topical term or geographic name entry element DIAGNOSTIC TECHNIQUES AND PROCEDURES
650 ## - SUBJECT ADDED ENTRY--TOPICAL TERM
Topical term or geographic name entry element NEOPLAMS--DIAGNOSIS
650 ## - SUBJECT ADDED ENTRY--TOPICAL TERM
Topical term or geographic name entry element IMMUNOHISTOCHEMISTRY--METHODS
650 ## - SUBJECT ADDED ENTRY--TOPICAL TERM
Topical term or geographic name entry element DIAGNOSTIC IMMUNOHISTOCHEMISTRY
995 ## -
-- MEDICAL LIBRARY OPEN ACCESS
-- 903981
-- CBU-SCHOOL OF MEDICINE LIBRARY (Ndola)
-- 399.00
-- RB 46.6 Dab
-- 1
-- AVAILABLE
-- May 11, 2017
-- 903981
-- Medical Library Open Access Collection
999 ## -
-- 31261
-- 31261
Holdings
Withdrawn status Lost status Source of classification or shelving scheme Damaged status Not for loan Permanent Location Current Location Shelving location Date acquired Total Checkouts Full call number Barcode Date last seen Price effective from Koha item type
          CBU-SCHOOL OF MEDICINE LIBRARY, NDOLA. CBU-SCHOOL OF MEDICINE LIBRARY, NDOLA.   11/30/2022   RB 46.6 Dab 903981 11/30/2022 11/30/2022 MONOGRAPH